Statistics for Famous Bridges - Picture quiz

Click here to take the quiz!

General Stats

  • This quiz has been taken 35 times
  • The average score is 5 of 12

Answer Stats

Answer% Correct
Golden Gate Bridge
100%
Tower Bridge
94%
Brooklyn Bridge
85%
Sydney Harbour Bridge
61%
Rialto Bridge
45%
Ponte Vecchio
42%
Millau Viaduct
33%
Pont du Gard
30%
Akashi-kaikyo Bridge
12%
Vasco Da Gama Bridge
12%
Tsing Ma Bridge
9%
Confederation Bridge
6%

Score Distribution

Percentile by Number Answered

Percent of People with Each Score

Your Score History

You have not taken this quiz